000 00433nam a22001457a 4500
005 20170327093625.0
008 170327b xxu||||| |||| 00| 0 eng d
040 _cPK-LaUMT
082 _aZIAC 297
_bSAD-A
100 _aصدر الدین اصلاحی
245 _aاساس دین کی تعمیر/
_cصدر الدین اصلاحی
260 _aلاہور:
_bاسلامک پبلیکیشنز،
_c1978
300 _a360 ص
942 _cBK
999 _c92022
_d92022